Fundamental accounting principles (Record no. 30242)

MARC details
000 -LEADER
fixed length control field 00375nam a2200157Ia 4500
020 ## - INTERNATIONAL STANDARD BOOK NUMBER
ISBN 0- 256- 02386- 7
050 ## - CALL MARK
Classification number HF 5635 .P975/
100 ## - STATEMENT OF RESPONSIBILITY--MAIN AUTHOR NAME
Personal name William W. Pyle
245 #0 - TITLE STATEMENT
Title Fundamental accounting principles
260 ## - PUBLICATION, DISTRIBUTION, ETC. (IMPRINT)
Name of publisher IRWIN, inc.
260 ## - PUBLICATION, DISTRIBUTION, ETC. (IMPRINT)
Year of publication 1981
300 ## - PHYSICAL DESCRIPTION
Number of Pages 971 p
942 ## - ADDED ENTRY ELEMENTS (KOHA)
Koha item type Books
Holdings
Withdrawn status Lost status Source of classification or shelving scheme Damaged status Not for loan Permanent Location Current Location Date acquired Accession Number Price effective from Koha item type
    Library of Congress Classification     NILE UNIVERSITY OF NIGERIA - MAIN LIBRARY NILE UNIVERSITY OF NIGERIA - MAIN LIBRARY 04/23/2025 0004040 04/23/2025 Books